000 02589nam0a2200421 4500
001 RU\NLR\BIBL_A\012532564
005 20210625105500.0
010 _a978-5-9736-0619-0
_9300
021 _aRU
_bКН-П-21-002157
_9КН-П-21-0161
035 _a(NLR Aleph) 012532564
035 _a(RuMoRGB)010553173
090 _a12370791
_c12370791
100 _a20210531d2020 k y0rusy50 ca
101 0 _arus
_aeng
102 _aRU
105 _aac||z|||100zy
181 0 _ai3
_baxxe
182 0 _an
200 1 _aБудущее зависит от нас
_dFuture depends on us
_eтезисы докладов XVII Международной молодёжной экологической конференции "Человек и биосфера", 25-27 марта 2020 г.
_fФедеральный научный центр биоразнообразия наземной биоты Восточной Азии, Дальневосточное отделение Российской академии наук, Владивосток, Россия
_gпод ред. Т. С. Вшивковой
_zeng
203 _aТекст
_bвизуальный
_cнепосредственный
210 _aВладивосток
_cНОКЦ "Живая вода"
_d2020
215 _a175, [1] с.
_cил., портр., табл.
_d21
300 _aЧасть текста парал. рус., англ.
320 _aБиблиогр. в конце ст.
510 1 _aFuture depends on us
_zeng
606 1 _aЭкология
_jТезисы докладов
_yПриморский край
_92006757
_3RU\NLR\AUTH\661207640
606 1 _aБиосфера
_jТезисы докладов
_xВлияние антропических факторов
_92231258
_3RU\NLR\AUTH\661339219
686 1 _aЕ081.4я431(0)
686 1 _aЕ081(2Р55-4Пр)я431(0)
702 1 _aВшивкова
_bТ. С.
_gТатьяна Степановна
_4340
711 1 2 _a"Человек и биосфера", международная молодёжная экологическая конференция
_d17
_eВладивосток
_f2020
_9752071
_3RU\NLR\AUTH\880543818
712 0 2 _4570
_aФедеральный научный центр биоразнообразия наземной биоты Восточной Азии
_cВладивосток
_9675919
_3RU\NLR\AUTH\880507885
942 _cBOOK
980 _aNBR
980 _aNB